Los animales (Record no. 126847)

MARC details
000 -CABECERA
campo de control de longitud fija 00865nam a2200289 a 4500
003 - IDENTIFICADOR DEL NÚMERO DE CONTROL
campo de control UPN
005 - FECHA Y HORA DE LA ÚLTIMA TRANSACCIÓN
campo de control 20240412113900.0
008 - ELEMENTOS DE LONGITUD FIJA--INFORMACIÓN GENERAL
campo de control de longitud fija 080304s2006 sp a br 000 0 spa d
020 ## - NÚMERO INTERNACIONAL NORMALIZADO PARA LIBROS
Número Internacional Estándar del Libro 8434229218
035 ## - NÚMERO DE CONTROL DEL SISTEMA
Número de control de sistema UPN01000154731
040 ## - FUENTE DE LA CATALOGACIÓN
Centro catalogador/agencia de origen MX-MxUPN
Lengua de catalogación spa
Centro/agencia transcriptor MX-MxUPN
041 ## - CÓDIGO DE IDIOMA
Código de lengua del texto/banda sonora o título independiente spa
050 #4 - SIGNATURA TOPOGRÁFICA DE LA BIBLIOTECA DEL CONGRESO
Número de clasificación QL49
Número de documento/Ítem M37 2006
100 1# - ASIENTO PRINCIPAL--NOMBRE PERSONAL
Nombre de persona Martí, Meritxell,
Fechas asociadas al nombre 1972-
9 (RLIN) 38921
100 1# - ASIENTO PRINCIPAL--NOMBRE PERSONAL
Nombre de persona Vilella, Cristina
9 (RLIN) 51518
100 1# - ASIENTO PRINCIPAL--NOMBRE PERSONAL
Nombre de persona Borrás Perelló, Lluís,
Fechas asociadas al nombre 1948-
9 (RLIN) 51519
245 14 - MENCIÓN DE TÍTULO
Título Los animales
260 ## - PUBLICACIÓN, DISTRIBUCIÓN, ETC.
Lugar de publicación, distribución, etc. Barcelona :
Nombre del editor, distribuidor, etc. Parramón,
Fecha de publicación, distribución, etc. 2006.
300 ## - DESCRIPCIÓN FÍSICA
Extensión 31 páginas :
Otras características físicas ilustraciones
490 0# - MENCIÓN DE SERIE
Mención de serie En pocas palabras
650 #7 - ASIENTO SECUNDARIO DE MATERIA - TERMINO TEMATICO
Término de materia o nombre geográfico como elemento de entrada Animales
9 (RLIN) 1061
Subdivisión de forma Literatura infantil
650 #4 - ASIENTO SECUNDARIO DE MATERIA - TERMINO TEMATICO
Término de materia o nombre geográfico como elemento de entrada Animales
9 (RLIN) 1056
Subdivisión general Estudio y enseñanza
700 1# - ASIENTO SECUNDARIO--NOMBRE DE PERSONAL
Nombre de persona Monreal, Violeta,
Fechas asociadas al nombre 1963-
Término indicativo de función/relación ilustración
9 (RLIN) 29361
902 ## - ELEMENTOS DE DATOS B LOCAL, LDB (RLIN)
Modificó MaríaRobles/120424
905 ## - TIPO DE MATERIAL
Tipo de material Infantil
942 ## - ELEMENTOS DE PUNTO DE ACCESO ADICIONAL (KOHA)
Fuente del sistema de clasificación o colocación Library of Congress Classification
Tipo de ítem Koha Libro
Suprimir en OPAC No
Holdings
Estado de retiro Estado de pérdida Fuente del sistema de clasificación o colocación Estado dañado No para préstamo Código de colección Localización permanente Ubicación/localización actual Ubicación en estantería Fecha de adquisición Total de préstamos Clasificación Código de barras Fecha visto por última vez Número de copia Tipo de ítem Koha
    Library of Congress Classification     Infantil Bib. Gregorio Torres Quintero Bib. Gregorio Torres Quintero Sala infantil Planta baja 10/05/2023 14 PZ76.3 M3.2 255104 31/12/2020 1 Libro
    Library of Congress Classification     Infantil Bib. Gregorio Torres Quintero Bib. Gregorio Torres Quintero Sala infantil Planta baja 08/04/2024 9 QL49 M37 2006 297616 08/04/2024 Ej.2 Libro